Responses for show #4449 - Thursday, January 1, 2004

Game data retrieved from an alternate archive.

Contestants

[<< previous game]

Faith O'Neal, an attorney from New York, New York

Clint Hill, a financial analyst from Nashville, Tennessee

Micah Morken, a graduate student originally from St. Paul, Minnesota (whose 2-day cash winnings total $38,400)

[next game >>]

Jeopardy! Round responses

ASIAN HISTORY
POP MUSIC
ANNUAL EVENTS
FOOD & DRINK
WEEDS
"J" PARDY
    $200 1
Vietnam

Clint
    $200 9
"Eleanor Rigby"

Micah
    $200 18
Columbus Day

Micah
    $200 6
trout

Faith
    $200 26
dandelion

Clint
    $200 14
Dr. Jekyll

Faith
    $400 2
Attila the Hun

Clint
    $400 10
(Clint: Who is Robbins?)

Bernie Taupin

ClintFaith
    $400 22
Battle of New Orleans

Micah
    $400 7
scones

Faith
    $400 27
clover

Micah
    $400 15
James

Clint
    $600 3
Chiang Kai-shek

Clint
    $600 11
Mariah Carey

Faith
    $600 23
Fidel Castro

Clint
    $600 8
ham

Micah
    $600 28
bluegrass

Micah
    $600 16
Joan of Arc

Micah
    $800 4
Indira Gandhi

Faith
    $800 17
"You Don't Bring Me Flowers"

Faith
    $800 24
Stonewall Jackson

Faith
    $800 12
a Shamrock Shake

Triple Stumper
    $800 29
nettle

Micah
    $800 20
Jordan

Micah
    $1000 5
Akihito

Faith
    $1000 19
Joni Mitchell

Triple Stumper
    $1000 25
Shintoism

Micah
    $1000 13
beef bourguinon

Clint
    $2,000 30
locoweed

Micah
    $1000 21
jurisdiction

Micah

Scores at the first commercial break (after clue 16):

Micah Clint Faith
$1,400 $2,200 $3,600

Scores at the end of the Jeopardy! Round:

Micah Clint Faith
$8,600 $3,000 $5,200

Double Jeopardy! Round responses

VENICE, AT LAST
SCREEN NAMES
THE SOLAR SYSTEM
RALPH
BOOKS & AUTHORS
THAT'S SUPERLATIVE
    $400 2
Marco Polo

Triple Stumper
    $400 10
Judy

Micah
    $400 1
Venus

Micah
    $400 25
Ralph Nader

Clint
    $400 16
The Bridges of Madison County

Clint
    $400 19
baddest

Clint
    $800 3
Casanova

Clint
    $800 12
Rock Hudson

Micah
    $800 5
Aristotle

Clint
    $800 26
Ralph Lauren

Faith
    $800 17
Humboldt's Gift

Triple Stumper
    $800 20
e

Micah
    $1200 4
the Grand Canal

Clint
    $1200 13
Rita Wilson

Micah
    $1200 6
Mars

Clint
    $1200 27
Dr. Ralph Bunche

Triple Stumper
    $1200 18
James M. Cain

Triple Stumper
    $1200 21
least

Micah
    $1600 8
Othello

Clint
    $1600 14
Anna Nicole Smith

Micah
    $1600 7
asteroid

Micah
    $1,000 28
Ralph Waldo Emerson

Faith
    $1600 22
Dean Koontz

Triple Stumper
    $3,000 23
(Micah: What is bluest?)

finest

Micah
    $2000 11
(Faith: What is the Rialto?)

the Bridge of Sighs

ClintFaith
    $2000 15
Jay Silverheels

Clint
    $2000 9
Uranus

Triple Stumper
    $2000 29
Ralph Abernathy

Faith
    $2000 30
(Clint: Who is Rachel?)

Dinah

Clint
Triple Stumper
    $2000 24
best (Best Buy)

Micah

Scores at the end of the Double Jeopardy! Round:

Micah Clint Faith
$15,600 $11,800 $7,000

[wagering suggestions for these scores]

Final Jeopardy! Round responses

U.S. CITIES
FaithWhat is Boston?
$5,000
ClintWhat is Salt Lake City?
$2,300
MicahWhat is Salt Lake City?
$9,000
Boston

Final scores:

Micah Clint Faith
$6,600 $9,500 $12,000
3rd place: $1,000 2nd place: $2,000 New champion: $12,000

Game dynamics:

Coryat scores:

Micah Clint Faith
$17,600 $11,800 $7,600
21 R
(including 1 DD),
1 W
(including 1 DD)
17 R,
2 W
12 R
(including 1 DD),
1 W

Combined Coryat: $37,000

The J! Archive is created by fans, for fans. The Jeopardy! game show and all elements thereof, including but not limited to copyright and trademark thereto, are the property of Jeopardy Productions, Inc. and are protected under law. This website is not affiliated with, sponsored by, or operated by Jeopardy Productions, Inc. Join the discussion at JBoard.tv.